RÜKÜŞ DE OLSAM GÜZELİM (Kayıt no. 1002942)

MARC ayrıntıları
000 -LEADER
sabit uzunluktaki kontrol alanı 00260nam a2200097Ia 4500
001 - KONTROL NUMARASI
kontrol alanı 1002942
005 - EN SON İŞLEMİN TARİH VE ZAMANI
kontrol alanı 20250826230440.0
008 - SABİT-UZUNLUKTA VERİ ÖĞELERİ--GENEL BİLGİ
sabit uzunluktaki kontrol alanı 250824s9999 xx 000 0 und d
245 #0 - ESER / YAZAR
ESER ADI RÜKÜŞ DE OLSAM GÜZELİM
Yazar Adı LAURENT AVDOVİN
260 ## - YAYIN, DAĞITIM, VB.
YAYIN EVİ HEP KİTAP YAYINLARI
Mevcut
Düşüm durumu Kayıp durumu Hasar Durumu Ödünç verilmez Ana kütüphane Geçerli Kütüphane Edinilen tarih Toplam ödünç verme sayısı Barkod Son görüntüleme tarihi Son ödünç verme tarihi Fiyatın geçerli olmaya başladığı tarih Koha materyal türü
        ZEKİ ALTINDAĞ İLKOKULU ZEKİ ALTINDAĞ İLKOKULU 24.08.2025 1 1076382 17.03.2026 26.02.2026 26.08.2025 Kitaplar
Gemini Bilgi Teknolojileri A.Ş. tarafından düzenlenmiştir.